Eastern Utah Libraries Catalog: Duchesne, Heber, Roosevelt, & Vernal

Not a dog / (Record no. 408912)

MARC details
000 -LEADER
fixed length control field 01556nam a22003858i 4500
001 - CONTROL NUMBER
control field 2024012481
003 - CONTROL NUMBER IDENTIFIER
control field DLC
005 - DATE AND TIME OF LATEST TRANSACTION
control field 20250611172236.0
008 - FIXED-LENGTH DATA ELEMENTS--GENERAL INFORMATION
fixed length control field 240531s2025 mau j 000 0 eng
010 ## - LIBRARY OF CONGRESS CONTROL NUMBER
LC control number 2024012481
020 ## - INTERNATIONAL STANDARD BOOK NUMBER
International Standard Book Number 9781623543044
Qualifying information (hardcover)
020 ## - INTERNATIONAL STANDARD BOOK NUMBER
Cancelled/invalid ISBN 9781632899460
Qualifying information (ebook)
035 ## - SYSTEM CONTROL NUMBER
System control number (OCoLC)1450560554
040 ## - CATALOGING SOURCE
Original cataloging agency DLC
Language of cataloging eng
Description conventions rda
Transcribing agency DLC
041 0# - LANGUAGE CODE
Language code of text/sound track or separate title eng
-- spa
042 ## - AUTHENTICATION CODE
Authentication code pcc
050 00 - LIBRARY OF CONGRESS CALL NUMBER
Classification number QL737.R68
Item number M37 2025
082 00 - DEWEY DECIMAL CLASSIFICATION NUMBER
Classification number 599.36/7
Edition number 23/eng/20240731
100 1# - MAIN ENTRY--PERSONAL NAME
Personal name Martinez, Claudia Guadalupe,
Dates associated with a name 1978-
Relator term author.
9 (RLIN) 6460802
245 10 - TITLE STATEMENT
Title Not a dog /
Statement of responsibility, etc Claudia Guadalupe Martinez ; illustrated by Laura Gonz�alez.
263 ## - PROJECTED PUBLICATION DATE
Projected publication date 2505
264 #1 - Production, Publication, Distribution, Manufacture, and Copyright Notice.
Place of production, publication, distribution, manufacture Watertown, MA :
Name of producer, publisher, distributor, manufacturer Charlesbridge,
Date of production, publication, distribution, manufacture, or copyr 2025.
300 ## - PHYSICAL DESCRIPTION
Extent pages cm
336 ## - Content Type
Content type term text
337 ## - Media type
Media type term unmediated
338 ## - Carrier type
Carrier type term volume
520 ## - SUMMARY, ETC.
Summary, etc "Learn about the endangered Mexican prairie dog. Includes back matter with Spanish vocabulary and an author's note about conservation efforts"--
-- Provided by publisher.
521 ## - TARGET AUDIENCE NOTE
Target audience note Ages 3-7
Source Charlesbridge
521 ## - TARGET AUDIENCE NOTE
Target audience note Grades K-1
Source Charlesbridge
546 ## - LANGUAGE NOTE
Language note Text in English, with some Spanish vocabulary.
650 #0 - SUBJECT ADDED ENTRY--TOPICAL TERM
Topical term or geographic name as entry element Mexican prairie dog
Form subdivision Juvenile literature.
9 (RLIN) 6546229
650 #0 - SUBJECT ADDED ENTRY--TOPICAL TERM
Topical term or geographic name as entry element Mexican prairie dog
General subdivision Conservation
Form subdivision Juvenile literature.
9 (RLIN) 6546230
700 1# - ADDED ENTRY--PERSONAL NAME
Personal name Gonz�alez, Laura,
Dates associated with a name 1984-
Relator term illustrator.
9 (RLIN) 6546231
776 08 - ADDITIONAL PHYSICAL FORM ENTRY
Display text Online version:
Main entry heading Martinez, Claudia Guadalupe, 1978-
Title Not a dog
Place, publisher, and date of publication Watertown, MA : Charlesbridge, 2025
International Standard Book Number 9781632899460
Record control number (DLC) 2024012482
Holdings
Withdrawn status Lost status Source of classification or shelving scheme Damaged status Not for loan Collection code Home library Current library Shelving location Date acquired Source of acquisition Total Checkouts Total Renewals Full call number Barcode Date last seen Date checked out Cost, replacement price Price effective from Koha item type
    Dewey Decimal Classification     Children NonFiction Wasatch County Library Wasatch County Library Main Floor Childrens Area 06/17/2025 Ingram 2 3 E Animals Mammals Martínez 34301002158188 09/06/2025 07/10/2025 17.99 06/17/2025 BOOK
This project was made possible through a grant from the Institute of Museum and Library Service administered by the Utah State Library Division.

Wasatch County Library

  • 465 East 1200 South, Heber City, Utah 84032
  • Phone 435-654-1511 | Fax 435-654-6456

Hours

  • Monday - Friday 9:30 AM - 8:00 PM
  • Saturday 9:30 AM - 1:30 PM
  • Closed Sundays and Holidays